The burning of the world : (Record no. 1128)

MARC details
000 -LEADER
fixed length control field 02945cam a2200493 i 4500
005 - DATE AND TIME OF LATEST TRANSACTION
control field 20260322212048.0
008 - FIXED-LENGTH DATA ELEMENTS--GENERAL INFORMATION
fixed length control field data
010 ## - LIBRARY OF CONGRESS CONTROL NUMBER
LC control number 2014013207
020 ## - INTERNATIONAL STANDARD BOOK NUMBER
International Standard Book Number 9781590178096 (paperback)
020 ## - INTERNATIONAL STANDARD BOOK NUMBER
International Standard Book Number 1590178092
040 ## - CATALOGING SOURCE
Original cataloging agency DLC
Language of cataloging eng
Transcribing agency DLC
Description conventions rda
Modifying agency DLC
042 ## - AUTHENTICATION CODE
Authentication code pcc
043 ## - GEOGRAPHIC AREA CODE
Geographic area code e-hu---
050 00 - LIBRARY OF CONGRESS CALL NUMBER
Classification number D640
Item number .Z64 2014
082 00 - DEWEY DECIMAL CLASSIFICATION NUMBER
Classification number B
-- B
Edition information 23
084 ## - OTHER CLASSIFICATION NUMBER
Classification number BIO026000
-- BIO006000
-- BIO026000
Number source bisacsh
092 ## - LOCALLY ASSIGNED DEWEY CALL NUMBER (OCLC)
Classification number 940.4 Z64 2014
001 - CONTROL NUMBER
control field data
100 1# - MAIN ENTRY--PERSONAL NAME
Personal name Zombory-Moldován, Béla,
Dates associated with a name 1885-1967.
245 14 - TITLE STATEMENT
Title The burning of the world :
Remainder of title a memoir of 1914 /
Statement of responsibility, etc. Béla Zombory-Moldován & Peter Zombory-Moldovan.
260 ## - PUBLICATION, DISTRIBUTION, ETC.
Place of publication, distribution, etc. New York :
Name of publisher, distributor, etc. The New York Review of Books,
Date of publication, distribution, etc. 2014.
264 #1 - PRODUCTION, PUBLICATION, DISTRIBUTION, MANUFACTURE, AND COPYRIGHT NOTICE
Place of production, publication, distribution, manufacture New York :
Name of producer, publisher, distributor, manufacturer New York Review Books,
Date of production, publication, distribution, manufacture, or copyright notice 2014.
300 ## - PHYSICAL DESCRIPTION
Extent xxi, 155 pages :
Other physical details illustrations, maps ;
Dimensions 21 cm
336 ## - CONTENT TYPE
Content type term text
Content type code txt
Source rdacontent
337 ## - MEDIA TYPE
Media type term unmediated
Media type code n
Source rdamedia
338 ## - CARRIER TYPE
Carrier type term volume
Carrier type code nc
Source rdacarrier
490 0# - SERIES STATEMENT
Series statement New York Review Books classics
520 2# - SUMMARY, ETC.
Summary, etc. "Publishing during the 100th Anniversary of World War I , an NYRB Classics Original. The budding young Hungarian artist Bela Zombory-Moldovan was abroad on vacation when World War I broke out in August 1914. Called up by the army, he soon found himself hundreds of miles away, advancing on Russian lines--or perhaps on his own lines--and facing relentless rifle and artillery fire. Badly wounded, he returned to normal life, which now struck him as unspeakably strange. He had witnessed, he realized, the end of a way of life, of a whole world. Recently discovered among private papers and published here for the first time in any language, this extraordinary reminiscence is a deeply moving addition to the literature of the terrible war that defined the shape of the twentieth century"--
Assigning source Provided by publisher.
600 10 - SUBJECT ADDED ENTRY--PERSONAL NAME
Personal name Zombory-Moldován, Béla,
Dates associated with a name 1885-1967.
650 #0 - SUBJECT ADDED ENTRY--TOPICAL TERM
Topical term or geographic name entry element World War, 1914-1918
Form subdivision Personal narratives, Hungarian.
650 #0 - SUBJECT ADDED ENTRY--TOPICAL TERM
Topical term or geographic name entry element World War, 1914-1918
General subdivision Social aspects
Geographic subdivision Hungary.
650 #0 - SUBJECT ADDED ENTRY--TOPICAL TERM
Topical term or geographic name entry element Soldiers
Geographic subdivision Hungary
Form subdivision Biography.
650 #0 - SUBJECT ADDED ENTRY--TOPICAL TERM
Topical term or geographic name entry element Veterans
Geographic subdivision Hungary
Form subdivision Biography.
650 #0 - SUBJECT ADDED ENTRY--TOPICAL TERM
Topical term or geographic name entry element Artists
Geographic subdivision Hungary
Form subdivision Biography.
650 #7 - SUBJECT ADDED ENTRY--TOPICAL TERM
Topical term or geographic name entry element BIOGRAPHY & AUTOBIOGRAPHY / Military.
Source of heading or term bisacsh
650 #7 - SUBJECT ADDED ENTRY--TOPICAL TERM
Topical term or geographic name entry element BIOGRAPHY & AUTOBIOGRAPHY / Historical.
Source of heading or term bisacsh
650 #7 - SUBJECT ADDED ENTRY--TOPICAL TERM
Topical term or geographic name entry element BIOGRAPHY & AUTOBIOGRAPHY / Personal Memoirs.
Source of heading or term bisacsh
651 #0 - SUBJECT ADDED ENTRY--GEOGRAPHIC NAME
Geographic name Hungary
General subdivision History
Chronological subdivision 1867-1918
Form subdivision Biography.
700 1# - ADDED ENTRY--PERSONAL NAME
Personal name Zombory-Moldovan, Peter.
776 08 - ADDITIONAL PHYSICAL FORM ENTRY
Relationship information Online version:
Main entry heading Zombory-Moldován, Béla, 1885-1967.
Title Burning of the world
Place, publisher, and date of publication New York : New York Review Books, 2014
International Standard Book Number 9781590178102
Record control number (DLC) 2014017711
906 ## - LOCAL DATA ELEMENT F, LDF (RLIN)
a 7
b cbc
c orignew
d 1
e ecip
f 20
g y-gencatlg
925 0# -
-- acquire
-- 1 shelf copy
-- Sel/mm, 2014-08-15
955 ## - COPY-LEVEL INFORMATION (RLIN)
-- rf14 2014-05-02 telework; per publisher, there is no original in Hungarian; to Dewey
-- xl03 2014-05-02
-- rf10 2014-09-30 telework CIP ver. to CALM
Holdings
Withdrawn status Lost status Damaged status Not for loan Home library Current library Shelving location Date acquired Total checkouts Full call number Barcode Date last seen Price effective from Koha item type
        Centerville Centerville General stacks 22/03/2026   940.4/13439092 B 23 BC0011165 22/03/2026 22/03/2026 Books